Frente a frente (Record no. 96699)

MARC details
000 -LEADER
campo de control de longitud fija 00978nam a2200217 i 4500
001 - NÚMERO DE CONTROL
campo de control 96699
003 - IDENTIFICADOR DE NÚMERO DE CONTROL
campo de control ES-MaACL
005 - FECHA Y HORA DE LA ÚLTIMA TRANSACCIÓN
campo de control 20231226211011.0
007 - CAMPO FIJO DE DESCRIPCIÓN FÍSICA--INFORMACIÓN GENERAL
campo de control de longitud fija t|
008 - DATOS DE LONGITUD FIJA--INFORMACIÓN GENERAL
campo de control de longitud fija 050630s1963 sp ||||1| spa d
100 1# - ENTRADA PRINCIPAL--NOMBRE DE PERSONA
Nombre de persona Primo de Rivera, José Antonio,
Fechas asociadas al nombre 1903-1936
9 (RLIN) 142533
245 10 - MENCIÓN DEL TÍTULO
Título Frente a frente
Resto del título : José Antonio Primo de Rivera frente al tribunal popular : texto taquigráfico del juicio oral de Alicante, 1936 /
Mención de responsabilidad, etc. [edit. por] José Mancisidor ; prólogo de Miguel Primo de Rivera y Saenz de Heredia ; introducción de José Luna Meléndez.
260 ## - PUBLICACIÓN, DISTRIBUCIÓN, ETC.
Lugar de publicación, distribución, etc. Madrid :
Nombre del editor, distribuidor, etc. Senen Martín,
Fecha de publicación, distribución, etc. 1963.
300 ## - DESCRIPCIÓN FÍSICA
Extensión 367 p. ;
Dimensiones 25 cm.
600 17 - PUNTO DE ACCESO ADICIONAL DE MATERIA--NOMBRE DE PERSONA
Nombre de persona Primo de Rivera, José Antonio,
Fechas asociadas al nombre 1903-1936-
Subdivisión general Procesos
Fuente del encabezamiento o término
9 (RLIN) 154409
700 1# - ENTRADA AGREGADA--NOMBRE PERSONAL
Nombre de persona Luna Meléndez, José.
9 (RLIN) 74771
700 0# - ENTRADA AGREGADA--NOMBRE PERSONAL
Nombre de persona Mancisidor, José María.
9 (RLIN) 75935
700 1# - ENTRADA AGREGADA--NOMBRE PERSONAL
Nombre de persona Primo de Rivera y Sáenz De Heredia, Miguel,
Títulos y otros términos asociados al nombre Duque de Primo de Rivera,
Fechas asociadas al nombre 1905-1964
9 (RLIN) 154410
852 ## - LOCALIZACIÓN
Ubicación ES-MaACL
Número de control de estantería C-22904
Sublocalización o colección R.51642
Holdings
Estatus retirado Estado de pérdida Estado de daño No para préstamo Biblioteca de origen Biblioteca actual Ubicación en estantería Fecha de adquisición Fuente de adquisición Total de préstamos Signatura topográfica completa Código de barras Visto por última vez Precio de reemplazo Tipo de ítem Koha
        Biblioteca del Ateneo de Madrid Biblioteca del Ateneo de Madrid Depósito 2 17/01/2008     C-22904 1100952 23/02/2023 23/02/2023 Libro impreso